书目信息 |
| 题名: |
环境影响评价
|
|
| 作者: | 李庄 , 杨健 主编 | |
| 分册: | ||
| 出版信息: | 武汉 武汉理工大学出版社 2019.12 |
|
| 页数: | 394页 | |
| 开本: | 26cm | |
| 丛书名: | 21世纪环境类专业新编系列教材 | |
| 单 册: | ||
| 中图分类: | X820.3 | |
| 科图分类: | ||
| 主题词: | 环境影响--huan jing ying xiang--评价--教材 | |
| 电子资源: | ||
| ISBN: | 978-7-5629-6080-5 | |
| 000 | 01114nam 2200301 450 | |
| 001 | 0100015972 | |
| 005 | 20201009150356.0 | |
| 010 | @a978-7-5629-6080-5@dCNY49.00 | |
| 100 | @a20200508d2019 em y0chiy50 ea | |
| 101 | 0 | @achi |
| 102 | @aCN@b420000 | |
| 105 | @aak a 000yy | |
| 106 | @ar | |
| 200 | 1 | @a环境影响评价@Ahuan jing ying xiang ping jia@f主编李庄, 杨健 |
| 205 | @a第2版 | |
| 210 | @a武汉@c武汉理工大学出版社@d2019.12 | |
| 215 | @a394页@c图@d26cm | |
| 225 | 2 | @a21世纪环境类专业新编系列教材@A21 shi ji huan jing lei zhuan ye xin bian xi lie jiao cai |
| 320 | @a有书目 (第394页) | |
| 330 | @a本书主要包括总论 ; 现场踏勘 ; 工程分析 ; 环境现状调查与工作方案 ; 环境影响预测与评价 ; 环境保护措施 ; 环境管理 ; 环境影响经济损益分析 ; 公众参与 ; 环境影响评价文件编制等内容。 | |
| 333 | @a全国环境保护优秀培训教材 | |
| 410 | 0 | @12001 @a21世纪环境类专业新编系列教材 |
| 606 | 0 | @a环境影响@Ahuan jing ying xiang@x评价@j教材 |
| 690 | @aX820.3@v5 | |
| 701 | 0 | @a李庄@Ali zhuang@4主编 |
| 701 | 0 | @a杨健@Ayang jian@4主编 |
| 801 | 0 | @aCN@c20201009 |
| 905 | @a河南城建学院图书馆@dX820.3@eL342@f1 | |
| 环境影响评价/主编李庄, 杨健.-第2版.-武汉:武汉理工大学出版社,2019.12 |
| 394页:图;26cm.-(21世纪环境类专业新编系列教材) |
| 使用对象:全国环境保护优秀培训教材 |
| ISBN 978-7-5629-6080-5:CNY49.00 |
| 本书主要包括总论 ; 现场踏勘 ; 工程分析 ; 环境现状调查与工作方案 ; 环境影响预测与评价 ; 环境保护措施 ; 环境管理 ; 环境影响经济损益分析 ; 公众参与 ; 环境影响评价文件编制等内容。 |
| ● |
| 相关链接 |
|
|
|
正题名:环境影响评价
索取号:X820.3/L342
 
预约/预借
| 序号 | 登录号 | 条形码 | 馆藏地/架位号 | 状态 | 备注 |
| 1 | 1495376 | 214953763 | 自科库501/501自科库 113排1列2层/ [索取号:X820.3/L342] | 在馆 |